000 00938nam a2200277 i 4500
003 DO-SdBNP
005 20251020080819.0
007 ta
008 240829b2008 dr ac||| |||| 00| 0 spa d
020 _a9789945140279
040 _aDO-SdBNP
_bspa
_cBNPHU
_erda
041 _aspa
082 4 _a972.93053
_bG984t
_222
100 1 _aGutiérrez Félix, Euclides,
_d1936-
_eautor
_4aut.
_95673
245 1 0 _aTrujillo :
_bmonarca sin corona/
_cEuclides Gutiérrez Félix ; edición, Cándido Gerón
264 4 _aSanto Domingo :
_bEditora Corripio,
_c©2008.
300 _a611 páginas :
_bilustraciones, retratos ;
_c27 cm.
336 _atexto
_btxt
_2rdacontent
337 _asin mediación
_bn
_2rdamedia
338 _2rdacarrier
_avolumen
_bnc
500 _aIncluye datos biográficos del autor en las solapas
590 _aInventariado, 2024/BT
700 1 _aGerón, Cándido,
_eeditor
_4ed.
_982130
910 _aBtavárez
942 _2ddc
_cLBS1
999 _c57584
_d57584